000
00341nam a2200145Ia 4500
999
_c
7454
_d
7454
008
191201s2011 xx 000 0 und d
020
_a
978818333163
100
_a
KANETKAR, Yashavant
245
0
_a
Let us C
250
_a
11th
260
_c
2012
_b
BPB Publication
_a
N. delhi
300
_a
675
650
_a
B.Tech(IT)
942
_2
ddc
_c
BB
_0
698